Drapeaux des Etats non-reconnus et Territoires du monde - Statistiques

Statistiques générales
  • Ce quiz a été pris 915 fois
  • Le résultat moyen est 25 sur 52
Statistiques - réponses
Par images Réponse % Correct
Groenland
91%
Gibraltar
90%
Mayotte
86%
La Reunion
80%
Porto Rico
74%
Guam
73%
Macao
72%
Nouvelle Calédonie
72%
Île de man
69%
Îles Cook
67%
Jersey
63%
Chypre du nord
60%
Îles Vierges américaines
58%
Guernesey
57%
Wallis-et-Futuna
57%
Polynésie française
56%
Guyane française
55%
Samoa américaines
54%
Niue
53%
Bermudes
52%
Aruba
51%
Curaçao
51%
République Arabe Sahraouie Démocratique
50%
Îles Vierges Britanniques
49%
Martinique
49%
Saint-Pierre-et-Miquelon
47%
Anguilla
46%
Bonaire
45%
Transnistrie
45%
Ossétie du sud
44%
Somaliland
44%
Haut-karabagh
43%
Île Norfolk
43%
Abkhazie
42%
Montserrat
41%
Île Christmas
40%
Îles cocos (Keeling)
40%
Tokelau
39%
Îles Malouines
38%
Saint-Barthélemy
37%
Îles mariannes du nord
34%
Îles Caïmans
33%
Sainte-Hélène
33%
Îles Turques-et-Caïques
31%
Saba
30%
Saint-Eustache
30%
Îles Pitcairn
28%
Tristan da Cunha
27%
Ascension
25%
Guadeloupe
20%
Sint Maarten
20%
Saint-Martin
18%
Aucun quiz correspondant
Distribution des résultats
% des personnes avec chaque résultat
Percentile par nombre de réponses
Votre historique - résultats
Vous n’avez pas pris ce quiz